Το παντελόνι του Πυθαγόρα

Αποθηκεύτηκε σε:
Λεπτομέρειες βιβλιογραφικής εγγραφής
Κύριος συγγραφέας: Wertheim, Margaret
Άλλοι συγγραφείς: Κονδύλης, Φώντας, 1940-2002 (Μεταφραστής)
Μορφή: Βιβλίο
Γλώσσα:Greek
English
Δημοσίευση: Αθήνα : Τραυλός-Κωσταράκη, c1998.
Θέματα:
Ετικέτες: Προσθήκη ετικέτας
Δεν υπάρχουν, Καταχωρήστε ετικέτα πρώτοι!

MARC

LEADER 00000cam a2200000 i 4500
001 1/19881
008 050215s1998 gr | ||| |||| ||gre||
020 |a 9607122879 
035 |l 10112590 
040 |a GR-MyUA  |b gre  |e AACR2 
041 1 |a gre  |h eng 
082 0 |a 306.45   |2 (21) 
100 1 |a Wertheim, Margaret. 
245 1 3 |a Το παντελόνι του Πυθαγόρα /   |c Margaret Wertheim ; μετάφραση Φώντας Κονδύλης.  
260 |a Αθήνα :   |b Τραυλός-Κωσταράκη,   |c c1998.  
300 |a 380 σ. ;  |c 21 εκ. 
500 |a Το παράρτημα Σάμου έχει την ανατύπωση του 2002.  
500 |a Τίτλος πρωτοτύπου: Pythagora's trousers: God, physics, and the gender wars 
504 |a Βιβλιογραφία: σ. 345-355. Ευρετήριο.  
650 0 0 |a Mathematical physics  |x History. 
650 0 0 |a Women in science  |x History. 
650 0 0 |a Sex discrimination in physics. 
700 1 |a Κονδύλης, Φώντας,   |d 1940-2002,  |e trl 
852 |a INST  |b SAMOS  |e 20050215  |h 306.45 WER  |p 005300025457  |q 005300025457  |t BK  |y 0 
852 |a INST  |b SYROS  |e 20120524  |h 306.45 WER  |p 005500010174  |q 005500010174  |t BK  |y 0 
901 |a BIBL5-2012-1 
901 |a BIBL3-2005-1 
909 |a Ε  |b 170051 
909 |a Σ  |b 114237 
922 |a 3ΕΛΗ  |b 200411  |c ΚΥΒ/ΒΙΒΛΙΟΘΗΚΗ  |d ΠΑΠΑΓΕΩΡΓΙΟΥ 
950 |a 127-2004-11-04 
970 |a ΜΑΛΑΓΑΡΗ  |b ΦΩΤΕΙΝΗ  |z 2005/02/22